El Plan de San Luis y el manifiesto al Ejército Mexicano /

Con motivo del XXII aniversario de la Revolución Mexicana se publican el Plan de San Luis y el manifiesto al Ejército Mexicano, ambos documentos firmados por Francisco I. Madero. El primero de ellos es de gran importancia por ser el primero en convocar al pueblo mexicano a la Revolución atacando la...

Celý popis

Uloženo v:
Podrobná bibliografie
Hlavní autor: Madero, Francisco I. (autor)
Médium: Kniha
Jazyk:španělština
Edice:(Publicación del Departamento del Distrito Federal ; 13)
Témata:
Tagy: Přidat tag
Žádné tagy, Buďte první, kdo vytvoří štítek k tomuto záznamu!

MARC

LEADER 00000nam^a2200000^a^4500
001 000129690
005 20250521000000.0
009 20260310094920.367
037 |a Acervo ITESO - Biblioteca 
041 |a ESP 
082 |a 972. 0611  |b MAD 
100 |a Madero, Francisco I.  |e (autor) 
245 1 3 |a El Plan de San Luis y el manifiesto al Ejército Mexicano /  |c F.I. Madero. 
264 |a México :  |b Departamento del Distrito Federal, Dirección General de Acción Cívica,  |c fecha no identificada 
300 |a 15 p. 
336 |a texto  |b txt  |2 rdacontenido 
337 |a sin mediación  |b n  |2 rdamedio 
338 |a volumen  |b nc  |2 rdasoporte 
440 1 |a (Publicación del Departamento del Distrito Federal ;  |v 13) 
520 |a Con motivo del XXII aniversario de la Revolución Mexicana se publican el Plan de San Luis y el manifiesto al Ejército Mexicano, ambos documentos firmados por Francisco I. Madero. El primero de ellos es de gran importancia por ser el primero en convocar al pueblo mexicano a la Revolución atacando la dictadura de Porfirio Díaz y haciendo un relato de la campaña antirreeleccionista. 
649 |a XX 
650 |a Elecciones -  |z México -  |x Historia 
650 |a Política -  |z México -  |x Historia 
650 |a México -  |x Historia -  |y Porfirismo, 1876-1911 
650 |a México -  |x Historia -  |y República Liberal, 1867-1911 
650 |a México -  |x Historia -  |y Siglo XIX 
650 |a México -  |x Historia -  |y Revolución Maderista, 1910-1911 
650 |a México -  |x Historia -  |y Revolución, 1910-1917 
650 |a México -  |x Historia -  |y 1910-1946 
650 |a México -  |x Historia -  |y Siglo XX 
650 |a Madero, Francisco I. 
910 |a Fondo Salvador Reynoso Reynoso 
920 |a Impresos - Libros 
930 |a Fondos Especiales 
905 |a 112 
901 |a 0800011459  |b IT2  |c ESP  |u 20250521 
902 |a https://opac.biblio.iteso.mx/vufind/Record/000129690